High-HDI Countries - Statistics

General Stats
  • This quiz has been taken 13 times
  • The average score is 19 of 36
Answer Stats
Answer % Correct
Germany
89%
Iceland
78%
Ireland
78%
Japan
78%
Luxembourg
78%
Netherlands
78%
Spain
78%
United Kingdom
78%
Austria
67%
Belgium
67%
Canada
67%
Denmark
67%
Finland
67%
Italy
67%
Liechtenstein
67%
Norway
67%
Sweden
67%
France
56%
Singapore
56%
South Korea
56%
Switzerland
56%
Australia
44%
New Zealand
44%
United States
44%
Czechia
33%
Israel
33%
Malta
33%
United Arab Emirates
33%
Andorra
22%
Poland
22%
San Marino
22%
Saudi Arabia
22%
Slovenia
22%
Cyprus
11%
Estonia
11%
Greece
11%
No matching quizzes found
Score Distribution
Percent of People with Each Score
Percentile by Number Answered
Your Score History
You have not taken this quiz